| 000 | 00856nmc a2200313 a 4500 | ||
|---|---|---|---|
| 003 | AR-BaBNM | ||
| 005 | 20251128204333.0 | ||
| 008 | 011101s1983 ||||||||||||||000 | spa|| | ||
| 020 | _a84-7046-318-7 | ||
| 040 | _cAR-BaBNM | ||
| 100 | 1 | _aCuenca, Manuel | |
| 245 | 1 | 0 |
_aEducación para el ocio _bactividades escolares |
| 250 | _a3ª ed. | ||
| 260 |
_aBogotá _bCincel _bKapelusz _c1983 |
||
| 300 |
_a108 p. _bgráfs., tablas |
||
| 490 | 0 |
_aGuías para el educador _vv. 5 |
|
| 504 | _aContiene bibliografía | ||
| 650 | 4 | _aTIEMPO LIBRE | |
| 650 | 4 | _aACTIVIDADES RECREATIVAS | |
| 650 | 4 | _aACTIVIDADES ESCOLARES | |
| 650 | 4 | _aACTIVIDADES FUERA DE PROGRAMA | |
| 650 | 4 | _aDEPORTE | |
| 650 | 4 | _aCULTURA | |
| 650 | 4 | _aBIBLIOTECAS | |
| 650 | 4 | _aBIBLIOTECAS ESCOLARES | |
| 800 | 1 |
_aRioja Gómez, José _eeditor |
|
| 942 | _cBK | ||
| 998 | _cEnrique | ||
| 999 |
_c7074 _d7074 |
||